| 000 | 00572nam a2200229Ia 4500 | ||
|---|---|---|---|
| 008 | 160803s9999 xx 000 0 und d | ||
| 020 | _a0 439733227 | ||
| 100 | _aCulver, Sloan | ||
| 245 | _aSam and Jack / | ||
| 245 | _cSloan Culver ; illustrated by Steve Molloy. | ||
| 260 | _aNew York : | ||
| 260 | _bScholastic Inc. | ||
| 260 | _c2006 | ||
| 300 | _a8 pages : | ||
| 300 | _bcolor illustrations ; | ||
| 300 | _c23 cm. | ||
| 440 | _aScholastic FX books ; | ||
| 440 | _vbk. 1. | ||
| 650 | _aProblem solving -- | ||
| 650 | _xFiction. | ||
| 700 | _a100 | ||
| 999 |
_c298999 _d298999 |
||